| 000 | 00352nam a2200133Ia 4500 | ||
|---|---|---|---|
| 008 | 240624s9999 xx 000 0 und d | ||
| 041 | _aeng | ||
| 082 | _a658.3 DES | ||
| 100 | _aDESSLER GARY | ||
| 245 | _aHUMAN RESOURCE MANAGEMENT | ||
| 250 | _a(15th ed.) | ||
| 260 |
_c2003 _aNew Delhi _bPrentice-Hall of India |
||
| 300 | _axxxi, , 558 , 26 : p. : cm. | ||
| 999 |
_c28592 _d28592 |
||